7 Catholic Sacraments Quiz Stats

 Plays Quiz Updated Oct 31, 2018

Score 0/7 Timer 02:00
1 Play Today
Sacrament % Correct
Baptism
96.1%
Eucharist
92.5%
Marriage
92.1%
Confirmation
84.1%
Reconciliation
80.4%
Anointing of the Sick
61.8%
Holy Orders
54.2%

You're not logged in!

Compare scores with friends on all Sporcle quizzes.
OR
Log In

Sporcle TV

Today on Sporcle TV


Watch our educational content, quiz creation guides, and fun videos on Sporcle TV.

Show Comments

Extras

Top Quizzes Today


Score Distribution

Your Account Isn't Verified!

In order to create a playlist on Sporcle, you need to verify the email address you used during registration. Go to your Sporcle Settings to finish the process.

Report this User

Report this user for behavior that violates our Community Guidelines.

Details: